000 00497nam a2200169 i 4500
001 31150
003 ES-MaACL
005 20251220063018.0
007 t|
008 030128s1970 sp ||||1| spa d
100 0 _aBenaim Pinto, Henrique
_927422
245 1 3 _aEl estreñimiento crónico /
_cEnrique Benaim Pinto.
260 _aBarcelona, etc. :
_bEd. Científico-Médica,
_c1970.
300 _aXVI, 206 p. ;
_c21 cm.
852 _aES-MaACL
_jC-46177
_bR.73851
999 _c31150
_d31150